| 000 | 00371nam a2200097Ia 4500 | ||
|---|---|---|---|
| 008 | 220216s9999 xx 000 0 und d | ||
| 100 | _aHariharan T. | ||
| 245 | 0 | _aExtension activities of the Rubber Board: The early experience | |
| 260 |
_bIn: Towards Inclusive Rubber Development (Ed. C. Kuruvilla Jacob). The Rubber Board, Kottayam, India, pp. 91-103. _c2009 |
||
| 942 | _cJS | ||
| 999 |
_c59184 _d59184 |
||